000 01486nam1a22003851 4500
001 RU\NLR\A1SV\82662
005 20251203171251.9
035 _a(NLR Aleph) 009764087
090 _a10030274
_c10030274
100 _a20260120 rusy50
101 0 _arus
102 _aRU
200 1 _aДоклады Переславль-Залесского научно-просветительного общества
210 _aПереславль-Залесский
_d1919-1928
215 _d26 см
300 _a№ 1-3, 5 напеч. в прил. к газ.: Изв. Исполкома Переславль-Залес. совета РК и КД за 1919 г.
300 _aПродолж. изд. вышло под загл.: Труды Переславль-Залесского научно-просветительного общества
620 _dПереславль-Залесский
801 0 _aRU
_bNLR
_c20071001
899 _aРНБ
_j37.59.5.284-4, 6-8, 10-14, 16-17
899 _aРНБ
_jС 585 Пере/С 50-9
899 _aРНБ
_jС 585 Пере/С 50-9а
899 _aИМПИ
_z(№ 4, 7)
899 _aУЛМ
_z(№ 10)
899 _aРГГУ
_z(№ 10-11)
899 _aЯХМ
_z(№ 13)
899 _aГМЗРК
_z(№ 4, 6-15)
899 _aРГБ
_z(№ 7)
899 _aМГУ
_z(№ 7, 9, 10-11, 13)
899 _aЯИАМЗ
_z(№ 4, 6-19)
942 _cBOOK
980 _aNB
980 _aA1SV
980 _aA1SV